000 00693nas a2200217 4500
001 BR7908469
003 BR-BrBNA
005 20231205084030.0
007 ta
008 230509b bl.|||p| |||| 00| 00por d
040 _aBR-BrBNA
_bpor
_cBiblioteca Nacional de Agricultura
041 _a(Pt)
072 _aF50
100 1 _aAlbuquerque, B.W.P. de
245 1 _aNotas adicionais sobre Spiranthera guianensis Sandwith (Rutaceae-Cusparieae)- Nova para o Brasil
650 _aESTRUTURA VEGETAL
650 _aPLANTA EXOTICA
773 0 _tActa Amazonica (Brazil)
_xISSN 0044-5967
_g(Dec 1979), v. 9(4) p. 641-644
_wBR7908469
909 _a202311
_bLúcia
_c55
_dLúcia Elande
942 _2AGRIS
_n0
_cANA
999 _c102708
_d102708